La criolla : (Registro nro. 7110)
[ vista simple ]
| 000 -LIDER | |
|---|---|
| fixed length control field | 00597nam a2200193 a 4500 |
| 001 - NÚMERO DE CONTROL | |
| Identificador de número de control | 000038447 |
| 003 - IDENTIFICACDOR DE NÚMERO DE CONTROL | |
| control field | 000038447 |
| 005 - DATE AND TIME OF LATEST TRANSACTION | |
| control field | 20180214094705.0 |
| 008 - ELEMENTOS DE LONGITUD FIJA | |
| fixed length control field | 130411s2012 dr ac 000 0 spa d |
| 040 ## - FUENTE DE CATALOGACIÓN | |
| Agencia que crea de manera original el registro | BPMET |
| Idioma de catalogación | spa |
| Agencia que realiza la transcripción | BPMET |
| 245 00 - MENCIÓN DE TITULO | |
| Título | La criolla : |
| Subtítulo | serenata dominicana. |
| 260 ## - PUBLICACIÓN, DISTRIBUCIÓN, ETC. (PIE DE IMPRENTA) | |
| Lugar de publicación, distribución, etc | Santo Domingo : |
| Nombre del editor, distribuidor, etc. | Archivo General de la Nación |
| -- | Museo de la Música Dominicana, |
| Fecha de publicación, distribución, etc | 2012. |
| 300 ## - DESCRIPCIÓN FÍSICA | |
| Extensión | 51 p. : |
| Otros detalles físicos | il., retrs ; |
| Dimensiones | 12 cm. |
| 490 1# - MENCIÓN DE SERIES | |
| Mención de serie | Archivo musical |
| Volume/sequential designation | 3 |
| 830 #0 - ASIENTO SECUNDARIO DE SERIE--TÍTULO UNIFORME | |
| Título uniforme | Archivo musical |
| Volume number/sequential designation | 3 |
| 942 ## - ADDED ENTRY ELEMENTS (KOHA) | |
| Source of classification or shelving scheme | Dewey Decimal Classification |
| Koha item type | Libros |
| 945 ## - INFORMACIÓN DE PROCESAMIENTO LOCAL | |
| Información de procesamiento local | inventariado, 2018 / dg |
| 956 ## - LOCAL ELECTRONIC LOCATION AND ACCESS (OCLC) | |
| Nombre de host | VMATEO |
| Número de acceso | 10 |
| Información de compresión | 20140603 |
| Inicio de sesión | BPMSU |
| Procesador de solicitud | 0069 |
| Withdrawn status | Lost status | Source of classification or shelving scheme | Damaged status | Not for loan | Home library | Current library | Date acquired | Total Checkouts | Barcode | Date last seen | Copy number | Price effective from | Koha item type |
|---|---|---|---|---|---|---|---|---|---|---|---|---|---|
| Dewey Decimal Classification | Biblioteca Pública Metropolitana Salomé Ureña | Biblioteca Pública Metropolitana Salomé Ureña | 07/08/2014 | BPMSU15040490 | 07/08/2014 | 1 | 07/08/2014 | Libros |